000 00652nam a2200229 a 4500
001 14061
003 BD-JhCC
005 20240912121616.0
008 240912b2013 nyu |||| ||a| 000 0 eng d
020 _a 9781439126288
035 _a(BD-JhCC)14061
040 _aBD-JhCC
_dBD-JhCC
041 _aenglish
082 _a920.02
_bDON 1865
100 _a Donald,David Herbert
245 _a Lincoln /
_cDavid Herbert Donald.
260 _aNew York:
_bSimon & Schuster;
_c1865.
300 _a714 p. :
_billustrations ;
_c24 cm.
650 _a Biografie
_vBiographies
_xBiography
_yLincoln, Abraham 1809-1865
_zLiterary
942 _2ddc
_cBK
999 _c14061
_d14061